Compendio de biología humana: las bases orgánicas de la conducta y del pensamiento
Saved in:
| 主要作者: | |
|---|---|
| 格式: | 图书 |
| 语言: | 西班牙语 |
| 出版: |
Buenos Aires
EUDEBA
1966
|
| 版: | 3a. ed |
| 丛编: | Manuales EUDEBA. Biología
|
| 主题: | |
| 标签: |
添加标签
没有标签, 成为第一个标记此记录!
|
MARC
| LEADER | 00000nam a2200000 a 4500 | ||
|---|---|---|---|
| 001 | UCZ7130 | ||
| 003 | CL-VaPUC | ||
| 008 | 951222e19660000AG |||||||||||||||||spa|d | ||
| 082 | 0 | 4 | |a 577.88 |b CHA |2 21 |
| 100 | 0 | |a Chauchard, Paul |e author |9 351887 | |
| 245 | 1 | 0 | |a Compendio de biología humana: las bases orgánicas de la conducta y del pensamiento |
| 250 | |a 3a. ed | ||
| 300 | |a 374 p | ||
| 942 | |c BK | ||
| 945 | |d 19951222 00:00:00 |a cmena | ||
| 260 | |a Buenos Aires |b EUDEBA |c 1966 | ||
| 650 | 0 | |a Biología |9 262022 | |
| 650 | 7 | |a BIOLOGIA HUMANA |2 CL-VaPUC |9 269547 | |
| 650 | 0 | |a Fisiología humana |9 269557 | |
| 650 | 0 | |a Anatomía humana |9 269546 | |
| 650 | 0 | |a Cerebro |9 307262 | |
| 650 | 0 | |a Comportamiento |9 308406 | |
| 583 | |a last modification |c 19951222 00:00:00 |k Rodrigo Vera | ||
| 490 | 0 | |a Manuales EUDEBA. Biología | |
| 999 | |c 243253 |d 243251 | ||
| 952 | |0 0 |1 0 |4 0 |6 577_880000000000000_CHA_1966 |7 0 |8 P |9 256781 |a BIBEDU |b BIBEDU |c BIBEDU_PB |d 2019-11-19 |i 1609254 |o 577.88 CHA 1966 |p 1609254 |r 2024-01-25 |w 2019-11-19 |y BK |k EDU | ||